[Event "Titled Tue 17th Jun Early"]
[Site "chess.com INT"]
[Date "2025.06.17"]
[Round "11"]
[White "Chan, Mark"]
[Black "Sharapov, Yevhen"]
[Result "1-0"]
[WhiteTitle "FM"]
[BlackTitle "GM"]
[WhiteElo "2179"]
[BlackElo "2375"]
[WhiteFideId "5800560"]
[BlackFideId "14103133"]
[EventDate "2025.06.17"]

1. d4 d5 2. Nf3 c6 3. e3 Bg4 4. Be2 Nf6 5. b3 e6 6. Bb2 Nbd7 7. Nbd2 Bd6 8. O-O
O-O 9. h3 Bxf3 10. Nxf3 Qc7 11. c4 Rfe8 12. Rc1 Qa5 13. a3 e5 14. b4 Qd8 15.
dxe5 Nxe5 16. cxd5 Nxd5 17. b5 Qb6 18. Nxe5 Bxe5 19. Bxe5 Rxe5 20. bxc6 bxc6 21.
Bf3 Rd8 22. Qc2 Re6 23. Rfd1 g6 24. Bxd5 Rxd5 25. Rxd5 cxd5 26. Rd1 Rc6 27. Qa2
Rc5 28. Rxd5 Rc1+ 29. Kh2 Qc7+ 30. f4 Rc3 31. Re5 Qc6 32. Re7 Qf6 33. Re5 h5 34.
Qb2 Qc6 35. Re8+ Qxe8 36. Qxc3 Qe4 37. Qd4 Qb7 38. a4 Kh7 39. Qf6 Kg8 40. a5 Qe4
41. Qd8+ Kh7 42. Qd4 Qe7 43. Qe5 Qb7 44. f5 Qd7 45. f6 h4 46. Qe7 Qd5 47. e4 1-0

[Event "Titled Tue 17th Jun Early"]
[Site "chess.com INT"]
[Date "2025.06.17"]
[Round "11"]
[White "Popov, Tikhon"]
[Black "Khazhatuly, Alikhan"]
[Result "0-1"]
[WhiteTitle "CM"]
[BlackTitle "CM"]
[WhiteElo "2173"]
[BlackElo "2173"]
[WhiteFideId "24252026"]
[BlackFideId "13731335"]
[EventDate "2025.06.17"]

1. Nf3 Nf6 2. g3 d5 3. d4 e6 4. Bg2 Be7 5. O-O O-O 6. a4 c5 7. a5 Nc6 8. dxc5
Bxc5 9. Bd2 e5 10. c3 a6 11. Bg5 Be6 12. Nbd2 h6 13. Bxf6 Qxf6 14. Nb3 Ba7 15.
e3 Rfd8 16. h3 Rac8 17. Kh2 d4 18. cxd4 exd4 19. Nbxd4 Nxd4 20. Nxd4 Bxd4 21.
exd4 Rxd4 22. Qf3 Qxf3 23. Bxf3 Bd5 24. Bg4 Rc2 25. Rad1 Rcd2 26. Rxd2 Rxd2 27.
b4 g6 28. Kg1 Bc6 29. Rd1 Rb2 30. Bd7 Bf3 31. Ra1 Rxb4 32. g4 Rd4 33. Ba4 Rd2
34. Kh2 Bd5 35. Kg3 Rd3+ 36. Kh2 Rf3 37. Rd1 Rxf2+ 38. Kg1 Rg2+ 39. Kf1 Ra2 40.
Rd4 Bc6 41. Bb3 Ra3 42. Bc4 Ra4 43. Ke2 Bb5 44. Rd8+ Kg7 45. Bxb5 axb5 46. Kd3
Rxa5 47. Kc3 Ra3+ 48. Kb4 Rxh3 49. Rd4 Rg3 50. Kxb5 h5 51. Rd3 Rxd3 0-1

[Event "Titled Tue 17th Jun Early"]
[Site "chess.com INT"]
[Date "2025.06.17"]
[Round "11"]
[White "Martic, Ivan SRB"]
[Black "Mayank, Chakraborty"]
[Result "1-0"]
[WhiteTitle "FM"]
[BlackTitle "IM"]
[WhiteElo "2270"]
[BlackElo "2457"]
[WhiteFideId "929301"]
[BlackFideId "25659766"]
[EventDate "2025.06.17"]

1. e4 e5 2. Nf3 Nc6 3. d3 Bc5 4. c3 Nf6 5. b4 Bb6 6. Be2 d6 7. O-O O-O 8. Nbd2
a6 9. a4 Ne7 10. Nc4 Ba7 11. Ba3 Ng6 12. b5 Nf4 13. b6 Bb8 14. bxc7 Bxc7 15. Re1
b5 16. Ne3 Bb6 17. Bf1 bxa4 18. Nc4 Bc7 19. d4 exd4 20. cxd4 Re8 21. e5 dxe5 22.
dxe5 Ng4 23. Nd6 Bb6 24. Ra2 Be6 25. Rb2 Bb3 26. Qc1 Ne6 27. Bc4 Re7 28. Nxf7
Rxf7 29. Rxb3 Bxf2+ 30. Kf1 Bxe1 31. Bxe6 axb3 32. Bxf7+ Kxf7 33. Qc4+ Kg6 34.
Qxg4+ Kf7 35. Ng5+ Qxg5 36. Qxg5 Bc3 37. Qf5+ Kg8 38. e6 Bf6 39. e7 Re8 40. Qe6+
Kh8 41. Qf7 1-0

[Event "Titled Tue 17th Jun Early"]
[Site "chess.com INT"]
[Date "2025.06.17"]
[Round "11"]
[White "Gibala, Adam"]
[Black "Toktomushev, Teimur"]
[Result "0-1"]
[WhiteTitle "CM"]
[BlackTitle "FM"]
[WhiteElo "2245"]
[BlackElo "2390"]
[WhiteFideId "21070288"]
[BlackFideId "14176726"]
[EventDate "2025.06.17"]

1. c4 e6 2. Nc3 d5 3. d4 Nf6 4. cxd5 exd5 5. Bg5 Be7 6. e3 c6 7. Bd3 Nbd7 8.
Nge2 O-O 9. Qc2 Re8 10. O-O Nf8 11. f3 b5 12. a3 g6 13. Rae1 Ne6 14. Bh4 a6 15.
Bf2 c5 16. dxc5 Nxc5 17. Nd4 Bd7 18. Rd1 Rc8 19. Rfe1 Qb6 20. Bf1 Be6 21. Qd2 b4
22. axb4 Qxb4 23. Nxe6 fxe6 24. Bg3 Red8 25. Be5 Ncd7 26. Bf4 a5 27. Ra1 Nc5 28.
Ra2 d4 29. Nb1 d3 30. Nc3 Nd5 31. Be5 Nd7 32. Bd4 e5 33. Ra4 exd4 34. Rxb4 dxc3
35. bxc3 axb4 36. c4 Nc3 37. Qxd3 Nc5 38. Qc2 Bf6 39. e4 b3 40. Qc1 Bd4+ 41. Kh1
Rb8 42. Qg5 b2 0-1

[Event "Titled Tue 17th Jun Early"]
[Site "chess.com INT"]
[Date "2025.06.17"]
[Round "11"]
[White "Akobian, Varuzhan"]
[Black "Reshetnikov, Alexey"]
[Result "1-0"]
[WhiteTitle "GM"]
[BlackTitle "IM"]
[WhiteElo "2551"]
[BlackElo "2492"]
[WhiteFideId "13300580"]
[BlackFideId "4162080"]
[EventDate "2025.06.17"]

1. d4 Nf6 2. c4 e6 3. Nf3 c5 4. d5 exd5 5. cxd5 d6 6. Nc3 g6 7. h3 Bg7 8. e4 O-O
9. Bd3 b6 10. O-O Ba6 11. Re1 Re8 12. Bf4 Nh5 13. Bh2 Be5 14. Nxe5 dxe5 15. Nb5
f6 16. a4 Rf8 17. a5 Bxb5 18. Bxb5 a6 19. axb6 Qxb6 20. Ba4 Rd8 21. Qg4 a5 22.
Rec1 Ra7 23. Qe2 Na6 24. Qb5 Rb8 25. Qxb6 Rxb6 26. b3 Kf7 27. Rc3 Ke7 28. Kf1 g5
29. f3 Nf4 30. Bg1 Kd6 31. Rac1 Rc7 32. Bf2 Rb4 33. h4 h6 34. g3 Ng6 35. h5 Ne7
36. g4 Nc8 37. Ke2 Nb6 38. Bc6 Nd7 39. Bxd7 Kxd7 40. Bxc5 Nxc5 41. Rxc5 Rxc5 42.
Rxc5 Rxb3 43. Rxa5 Rb2+ 44. Ke3 Rb3+ 45. Kf2 Rb2+ 46. Kg3 Rb7 47. Ra8 Kd6 48.
Rh8 Rf7 49. Rxh6 Ke7 50. Rh8 Rg7 51. h6 1-0

[Event "Titled Tue 17th Jun Early"]
[Site "chess.com INT"]
[Date "2025.06.17"]
[Round "11"]
[White "Punin, Andrii"]
[Black "Dumanuly, Sultanbeibarys"]
[Result "1-0"]
[WhiteTitle "FM"]
[BlackTitle "FM"]
[WhiteElo "2289"]
[BlackElo "2212"]
[WhiteFideId "14112639"]
[BlackFideId "13731963"]
[EventDate "2025.06.17"]

1. Nf3 d5 2. e3 Nf6 3. b3 Bf5 4. Bb2 e6 5. Nh4 Bg4 6. Be2 Bxe2 7. Qxe2 Be7 8.
Nf3 O-O 9. O-O Nbd7 10. c4 c6 11. Nc3 a5 12. d4 a4 13. bxa4 Nb6 14. cxd5 exd5
15. Qc2 Re8 16. Qb3 Nc4 17. Bc1 Qa5 18. Rb1 Bd6 19. g3 h5 20. Nd2 h4 21. Nxc4
dxc4 22. Qxc4 Qf5 23. Rxb7 h3 24. Qe2 Ne4 25. Nxe4 Qxe4 26. f3 Qxd4 27. Rd1 Qc5
28. Qd3 Bf8 29. Qb3 Qf5 30. e4 Bc5+ 31. Kf1 Qg6 32. Rdd7 Rf8 33. Ke2 Rad8 34. a5
Rxd7 35. Rxd7 Qxg3 36. hxg3 h2 37. Rd1 Bg1 38. Be3 h1=Q 39. Rxg1 Qh2+ 40. Bf2
Rd8 41. Rd1 Rxd1 42. Qxd1 Qh5 43. Qa4 Qe5 44. a6 Qb2+ 45. Kf1 c5 46. a7 Qb7 47.
a8=Q+ Qxa8 48. Qxa8+ 1-0

[Event "Titled Tue 17th Jun Early"]
[Site "chess.com INT"]
[Date "2025.06.17"]
[Round "11"]
[White "Hansen, Eric"]
[Black "Domin, Yan"]
[Result "0-1"]
[WhiteTitle "GM"]
[BlackTitle "FM"]
[WhiteElo "2609"]
[BlackElo "2222"]
[WhiteFideId "2606771"]
[BlackFideId "34169342"]
[EventDate "2025.06.17"]

1. e4 c5 2. Nf3 Nc6 3. Bb5 Nf6 4. Bxc6 dxc6 5. d3 Bg4 6. Nbd2 Nd7 7. Nc4 Qc7 8.
a4 e5 9. h3 Bh5 10. g4 Bg6 11. Nh4 O-O-O 12. a5 f6 13. b3 Bf7 14. Bd2 g6 15. Ng2
Be7 16. Qe2 Nf8 17. f4 Ne6 18. Qf2 Nd4 19. O-O-O Bxc4 20. dxc4 exf4 21. Nxf4
Rhe8 22. Nd3 Nxb3+ 23. cxb3 Rxd3 24. Kc2 Qd7 25. Bc3 Rd8 26. Rc1 Qe6 27. Qe2
R3d7 28. Rhf1 Re8 29. Rce1 Bd8 30. Qf2 Rf7 31. Qxc5 b6 32. axb6 Bxb6 33. Qa3 h5
34. gxh5 Qxh3 35. c5 Bc7 36. Qa6+ Kb8 37. Qxc6 Re6 38. Qb5+ Kc8 39. hxg6 Qg2+
40. Kb1 Qxg6 41. c6 Bb6 42. Rf5 Rfe7 43. Ref1 Rxe4 44. Kb2 Re2+ 45. Ka3 Qg2 46.
Rxf6 Ra2+ 47. Kb4 Re4+ 48. Bd4 Rxd4+ 0-1

[Event "Titled Tue 17th Jun Early"]
[Site "chess.com INT"]
[Date "2025.06.17"]
[Round "11"]
[White "Radchenko, Alexey"]
[Black "Williams, Simon K"]
[Result "1-0"]
[WhiteTitle "FM"]
[BlackTitle "GM"]
[WhiteElo "2290"]
[BlackElo "2444"]
[WhiteFideId "4192362"]
[BlackFideId "404454"]
[EventDate "2025.06.17"]

1. d4 e6 2. Nf3 f5 3. Nbd2 Nf6 4. e3 b6 5. Bd3 Bb7 6. O-O Bd6 7. a3 O-O 8. c4
Ne4 9. b4 Rf6 10. c5 Bf8 11. Bxe4 fxe4 12. Ng5 Rh6 13. f4 exf3 14. Ngxf3 Nc6 15.
e4 bxc5 16. bxc5 Rg6 17. Nc4 Ba6 18. Qa4 Bxc4 19. Qxc4 Rb8 20. d5 Na5 21. Qa4
Nb3 22. Rb1 Nxc5 23. Rxb8 Qxb8 24. Qc2 Rg4 25. Ne5 Rxe4 26. Nxd7 Nxd7 27. Qxe4
e5 28. Qf5 Qb6+ 29. Kh1 Nf6 30. Qxe5 h6 31. Bxh6 Qd6 32. Qe6+ Qxe6 33. dxe6 Bxa3
34. Bg5 Be7 35. Ra1 Bc5 36. Rd1 Kf8 37. Bxf6 gxf6 38. Rd7 Bd6 39. h4 a5 40. h5
a4 41. h6 Kg8 42. e7 Bxe7 43. Rxe7 1-0

[Event "Titled Tue 17th Jun Early"]
[Site "chess.com INT"]
[Date "2025.06.17"]
[Round "11"]
[White "Rathbone-Jones, Ifan"]
[Black "Uzuner, Tufan Can"]
[Result "1-0"]
[WhiteTitle "CM"]
[BlackTitle "CM"]
[WhiteElo "2208"]
[BlackElo "1909"]
[WhiteFideId "1803859"]
[BlackFideId "6300499"]
[EventDate "2025.06.17"]

1. d4 d5 2. g3 Nf6 3. Bg2 c6 4. c4 dxc4 5. a4 a5 6. Nc3 Nbd7 7. Nf3 e6 8. O-O
Nb6 9. Ne5 Bb4 10. Be3 O-O 11. Qc2 Nfd5 12. Bd2 f6 13. Nf3 Bd6 14. e4 Nb4 15.
Qb1 Nd3 16. Be3 e5 17. Nd2 exd4 18. Bxd4 Be6 19. b3 c5 20. Be3 Be5 21. Qc2 cxb3
22. Nxb3 c4 23. Nc5 Nxc5 24. Bxc5 Re8 25. Rab1 Nd7 26. Be3 Qc8 27. Nb5 Nc5 28.
f4 Bb8 29. Rfd1 Nb3 30. Bf1 b6 31. Bxb6 Qb7 32. Be3 Rc8 33. Bg2 Ra6 34. e5 Qe7
35. Nd6 Bxd6 36. exd6 Qd7 37. Bd5 Bxd5 38. Rxd5 Rxd6 39. Rxd6 Qxd6 40. Rxb3 Qe6
41. Rc3 g6 42. Bf2 Kg7 43. Qb2 Rc7 44. Qb6 Rd7 45. Qxe6 1-0

[Event "Titled Tue 17th Jun Early"]
[Site "chess.com INT"]
[Date "2025.06.17"]
[Round "11"]
[White "Sanhueza, Cristian"]
[Black "Wahedi, Ahmad Siar"]
[Result "0-1"]
[WhiteTitle "FM"]
[BlackTitle "FM"]
[WhiteElo "2213"]
[BlackElo "2239"]
[WhiteFideId "116815"]
[BlackFideId "4651260"]
[EventDate "2025.06.17"]

1. e4 c5 2. Nf3 e6 3. d4 cxd4 4. Nxd4 Nf6 5. Nc3 Nc6 6. Be2 Bb4 7. O-O Bxc3 8.
bxc3 Nxe4 9. Bd3 d5 10. Ba3 Nd6 11. Nb5 Nxb5 12. Bxb5 Bd7 13. Qg4 Qf6 14. Rab1
h5 15. Qg3 a6 16. Bd3 Qe5 17. Qf3 b5 18. Rfe1 Qg5 19. h4 Qg4 20. Qxd5 Rd8 21. f3
Qxh4 22. Rbd1 Ne7 23. Qc5 Rc8 24. Qd6 Rc6 25. Qb8+ Rc8 26. Qd6 Rc6 27. Qb8+ Rc8
28. Qb7 Rd8 29. Re4 Qg5 30. Qxa6 O-O 31. Qd6 Rfe8 32. Qh2 Nf5 33. Ree1 Bc6 34.
c4 Bxf3 35. Rb1 bxc4 36. Bxc4 Ne3 37. g3 Nxc4 38. Bc1 Qc5+ 39. Qf2 Qxf2+ 40.
Kxf2 Bd5 41. c3 Rb8 42. Bf4 Rxb1 43. Rxb1 e5 44. Bg5 f6 45. Bc1 Be4 46. Rb4 Bd3
47. a4 Ra8 48. Ke1 e4 49. Kf2 Ne5 0-1

[Event "Titled Tue 17th Jun Early"]
[Site "chess.com INT"]
[Date "2025.06.17"]
[Round "11"]
[White "Rosen, Eric"]
[Black "Plat, Vojtech"]
[Result "0-1"]
[WhiteTitle "IM"]
[BlackTitle "GM"]
[WhiteElo "2377"]
[BlackElo "2497"]
[WhiteFideId "2032562"]
[BlackFideId "325740"]
[EventDate "2025.06.17"]

1. d4 Nf6 2. Bf4 d6 3. Nc3 Nbd7 4. Nf3 g6 5. h3 Bg7 6. e3 O-O 7. Be2 b6 8. a4 a5
9. O-O Bb7 10. Re1 Re8 11. Bh2 e5 12. dxe5 dxe5 13. Bc4 Qe7 14. Qe2 h6 15. Rad1
Rad8 16. Bb5 Kh7 17. Rd2 c6 18. Bc4 Nf8 19. Red1 Rxd2 20. Qxd2 e4 21. Nd4 Kg8
22. Nb3 Ne6 23. Bd6 Qd7 24. Be5 Qc8 25. Qe2 Ng5 26. Rd6 Rxe5 27. Qd1 Re8 28. Ne2
Ne6 29. Nf4 Nxf4 30. exf4 Nd5 31. g3 Bf8 32. Rxd5 cxd5 33. Bb5 Rd8 34. Nd4 Bg7
35. c3 Qc5 36. Nb3 Qe7 37. Nd4 e3 38. Qe2 Bxd4 39. cxd4 exf2+ 40. Qxf2 Bc8 41.
Kg2 Bd7 42. Be2 Re8 43. Bf3 Bf5 44. Bxd5 Be4+ 45. Bxe4 Qxe4+ 46. Kh2 Qe2 47. Kg2
Qxf2+ 48. Kxf2 Re4 49. d5 Rxa4 50. d6 Rd4 51. Kf3 Rxd6 52. Kg4 Rd3 53. Kh4 Kg7
54. f5 g5+ 55. Kg4 Kf6 56. b4 h5+ 57. Kxh5 Rxg3 0-1

[Event "Titled Tue 17th Jun Early"]
[Site "chess.com INT"]
[Date "2025.06.17"]
[Round "11"]
[White "Roebers, Jan"]
[Black "Tiitta, Sauli"]
[Result "0-1"]
[WhiteTitle "FM"]
[WhiteElo "2056"]
[BlackElo "2157"]
[WhiteFideId "1007815"]
[BlackFideId "502251"]
[EventDate "2025.06.17"]

1. e4 g5 2. d4 h6 3. b3 Bg7 4. Bb2 c5 5. Nf3 g4 6. Ne5 Nc6 7. Qxg4 Nxe5 8. dxe5
Kf8 9. Qf3 d6 10. Bc4 e6 11. O-O dxe5 12. Nc3 Qf6 13. Qe3 b6 14. Nb5 Ba6 15. f4
Bxb5 16. fxe5 Qg5 17. Qxg5 hxg5 18. Bxb5 Ne7 19. Bd7 Kg8 20. Rf3 Rd8 21. Bb5 Rd2
22. Bd3 Ng6 23. Raf1 Nf4 24. Rxf4 gxf4 25. Bc3 Rxd3 26. cxd3 Rh4 27. d4 cxd4 28.
Bxd4 Rh5 29. Rxf4 Bxe5 30. Bxe5 Rxe5 31. h4 Kg7 32. g4 Kg6 33. g5 Rc5 34. Rf2
Rc3 35. Kg2 Re3 36. Rf6+ Kg7 37. h5 Rxe4 38. h6+ Kg8 39. g6 Rg4+ 40. Kf3 Rxg6
41. Rf4 Rxh6 42. Ke4 Rh5 43. Kd4 Kf8 44. Rg4 Ke7 45. Rg7 Rh4+ 46. Kc3 Kf6 47.
Rg3 Rh2 0-1

[Event "Titled Tue 17th Jun Early"]
[Site "chess.com INT"]
[Date "2025.06.17"]
[Round "11"]
[White "Villa Tornero, Alex"]
[Black "Szpar, Milosz"]
[Result "0-1"]
[WhiteTitle "FM"]
[BlackTitle "IM"]
[WhiteElo "2211"]
[BlackElo "2495"]
[WhiteFideId "54501091"]
[BlackFideId "1184989"]
[EventDate "2025.06.17"]

1. e4 e6 2. d4 d5 3. exd5 exd5 4. Bd3 c5 5. c3 Nc6 6. Nf3 Be7 7. O-O Nf6 8. h3
h6 9. Re1 O-O 10. Nbd2 Be6 11. Nf1 Qb6 12. Ng3 Rfe8 13. Bc2 Rad8 14. Qd3 cxd4
15. Nxd4 Bc5 16. Be3 Ne5 17. Qe2 Nc4 18. Nh5 Nxh5 19. Qxh5 Nxe3 20. Rxe3 Bxd4
21. cxd4 Qxb2 22. Qd1 Rc8 23. Ba4 Re7 24. Rb3 Qc2 25. Qxc2 Rxc2 26. Rxb7 Rxb7
27. Bxc2 Rb4 28. Rd1 a5 29. Rb1 Kf8 30. Rxb4 axb4 31. Kf1 Ke7 32. Ke2 Kd6 33.
Kd2 Kc6 34. Bd3 Kb6 35. Kc2 Ka5 36. Kb2 g5 37. a3 h5 38. Kb3 bxa3 39. Kxa3 h4
40. Kb3 Bd7 41. Kc3 Bb5 42. Bxb5 Kxb5 43. Kb3 f6 44. g4 hxg3 45. fxg3 f5 46. h4
f4 47. hxg5 fxg3 0-1

[Event "Titled Tue 17th Jun Early"]
[Site "chess.com INT"]
[Date "2025.06.17"]
[Round "11"]
[White "Brancaleoni, Maurizio"]
[Black "Cardozo Munar, Carlos Eduardo"]
[Result "1/2-1/2"]
[WhiteTitle "FM"]
[BlackTitle "FM"]
[WhiteElo "2185"]
[BlackElo "2052"]
[WhiteFideId "803022"]
[BlackFideId "4409477"]
[EventDate "2025.06.17"]

1. Nf3 Nf6 2. c4 e6 3. b3 d5 4. Bb2 g6 5. g3 Bg7 6. Bg2 O-O 7. O-O Nbd7 8. Nc3
c6 9. d4 Re8 10. Qc2 Qe7 11. Rad1 dxc4 12. bxc4 e5 13. d5 e4 14. Nd4 cxd5 15.
Nxd5 Nxd5 16. cxd5 Nf6 17. Nb5 Bf5 18. Ba3 Qd7 19. Nd6 Red8 20. Nxf5 Qxf5 21. d6
Rd7 22. f3 Qa5 23. Qb3 exf3 24. Bxf3 Rad8 25. Qb4 Qxb4 26. Bxb4 Ne8 27. Bg4 f5
28. Bf3 Be5 29. Rb1 Bxd6 30. Bd5+ Kg7 31. Bc3+ Nf6 32. Bxb7 Bc5+ 33. Kg2 Bd4 34.
Bxd4 Rxd4 35. Bf3 Rd2 36. Rb7+ R8d7 37. Rfb1 g5 38. Rxd7+ Nxd7 39. h3 Ne5 40.
Rb7+ Kf6 41. Rxa7 g4 42. hxg4 fxg4 43. Ba8 Rxe2+ 44. Kf1 Rb2 45. Ra6+ Kg5 46.
Be4 Nf3 47. Bxf3 gxf3 48. Ra4 h5 49. Rf4 Rxa2 50. Rxf3 Ra4 51. Kg2 Ra2+ 52. Rf2
Rxf2+ 53. Kxf2 Kg4 54. Kg2 h4 55. gxh4 Kxh4 1/2-1/2

[Event "Titled Tue 17th Jun Early"]
[Site "chess.com INT"]
[Date "2025.06.17"]
[Round "11"]
[White "Rustemov, Alexander"]
[Black "Moksh, Amit Doshi"]
[Result "0-1"]
[WhiteTitle "GM"]
[BlackTitle "IM"]
[WhiteElo "2525"]
[BlackElo "2366"]
[WhiteFideId "4119002"]
[BlackFideId "25064967"]
[EventDate "2025.06.17"]

1. d4 Nf6 2. c4 e6 3. Nf3 d5 4. cxd5 exd5 5. Nc3 c6 6. Bf4 Bf5 7. e3 Nbd7 8. Nh4
Bg4 9. Be2 Bxe2 10. Qxe2 Ne4 11. Nf3 Bb4 12. O-O Bxc3 13. bxc3 b5 14. Qc2 O-O
15. a4 Nb6 16. a5 Nc4 17. Ne5 Nxe5 18. Bxe5 a6 19. f3 Nd6 20. e4 Nc4 21. Bf4
Nxa5 22. Rfe1 Nc4 23. Re2 a5 24. Rae1 a4 25. h3 Re8 26. Kh2 h6 27. Bg3 a3 28.
Qb3 Qa5 29. Ra1 Qa4 30. Qb1 Qa5 31. Qb3 Re6 32. e5 c5 33. dxc5 Rc8 34. f4 Rxc5
35. Bf2 Rc8 36. Bd4 f5 37. Rea2 Kh7 38. Rxa3 Nxa3 39. Rxa3 Qd8 40. Qxb5 Rg6 41.
Qd3 Qh4 42. Ra2 Qxf4+ 43. g3 Qg5 44. Rf2 Ra8 45. Qf3 Ra1 46. Be3 f4 47. Bxf4 Qf5
48. Qxd5 Qb1 49. Qg2 Qe1 50. c4 Rb6 51. Re2 Qd1 52. Qe4+ Kg8 53. e6 Qg1# 0-1

[Event "Titled Tue 17th Jun Early"]
[Site "chess.com INT"]
[Date "2025.06.17"]
[Round "11"]
[White "Kovalchuk, Alexey"]
[Black "Gunawardhana, Devindya Oshini"]
[Result "0-1"]
[WhiteTitle "FM"]
[BlackTitle "WIM"]
[WhiteElo "2304"]
[BlackElo "2121"]
[WhiteFideId "24154385"]
[BlackFideId "29941482"]
[EventDate "2025.06.17"]

1. d4 d5 2. c4 e6 3. Nc3 Nf6 4. cxd5 exd5 5. Bg5 c6 6. e3 Bd6 7. Bd3 h6 8. Bh4
Be6 9. Nf3 Nbd7 10. O-O O-O 11. Qc2 Rc8 12. Rfe1 Bg4 13. Nd2 Be6 14. Nf1 Be7 15.
Rad1 Re8 16. a3 b6 17. Ba6 Ra8 18. Bb7 Rb8 19. Bxc6 Rc8 20. Bb7 Rc7 21. Ba6 Ne4
22. Bg3 Nxg3 23. hxg3 Nf6 24. Qd2 Bc8 25. Bd3 Bb7 26. Nb5 Rd7 27. Nxa7 Ne4 28.
Bxe4 dxe4 29. Rc1 Bd6 30. Nc6 Qg5 31. Nb4 h5 32. Rc2 h4 33. Rec1 g6 34. Qe2 Kg7
35. Nc6 Rh8 36. Ne5 Re7 37. b4 Qh6 38. b5 Bxe5 39. dxe5 h3 40. f3 hxg2 41. Qxg2
exf3 0-1

[Event "Titled Tue 17th Jun Early"]
[Site "chess.com INT"]
[Date "2025.06.17"]
[Round "11"]
[White "Ivanov, Andrey A."]
[Black "Aalto, Patrik"]
[Result "0-1"]
[WhiteTitle "CM"]
[BlackTitle "FM"]
[WhiteElo "2120"]
[BlackElo "2316"]
[WhiteFideId "2514311"]
[BlackFideId "510726"]
[EventDate "2025.06.17"]

1. Nf3 Nf6 2. d4 e6 3. c4 c5 4. d5 b5 5. Nc3 b4 6. Na4 exd5 7. cxd5 d6 8. Bg5 h6
9. Bh4 g5 10. Bg3 Ne4 11. e3 Bg7 12. Bd3 Nxg3 13. hxg3 Nd7 14. Qc2 Bb7 15. Rd1
Rc8 16. b3 Nb6 17. Nxb6 axb6 18. Bb5+ Kf8 19. Qf5 Qf6 20. Qd7 Qe7 21. Qf5 Ra8
22. O-O Rxa2 23. Nd2 Ra8 24. Nc4 Bc8 25. Qd3 Qc7 26. Qe4 Bf6 27. f4 Kg7 28. fxg5
hxg5 29. Qf3 Qe7 30. Nxb6 Rb8 31. Nxc8 Rbxc8 32. Bc4 Be5 33. e4 Rh6 34. Qg4 Rch8
35. Rf5 Rh1+ 36. Kf2 Bd4+ 37. Ke2 f6 38. Rff1 Rxf1 39. Rxf1 Qa7 40. Rd1 Rh2 41.
Kf1 Rh1+ 42. Ke2 Qa2+ 43. Rd2 Qb1 44. Qd7+ Kh6 45. Kf3 Qe1 46. Re2 Qf1+ 47. Kg4
Rh4+ 48. gxh4 Qf4+ 49. Kh3 Qxh4# 0-1

[Event "Titled Tue 17th Jun Early"]
[Site "chess.com INT"]
[Date "2025.06.17"]
[Round "11"]
[White "Deveci, Huseyin Said"]
[Black "Herman, Daniel"]
[Result "1-0"]
[WhiteTitle "CM"]
[WhiteElo "2212"]
[BlackElo "1920"]
[WhiteFideId "26322455"]
[BlackFideId "30935008"]
[EventDate "2025.06.17"]

1. c4 e6 2. g3 d5 3. Bg2 c6 4. Nf3 g5 5. d4 g4 6. Ne5 Nf6 7. Bg5 Be7 8. e3 h5 9.
h3 gxh3 10. Rxh3 Nbd7 11. Nxd7 Bxd7 12. Bxf6 Bxf6 13. Rxh5 Qa5+ 14. Nc3 O-O-O
15. Rxh8 Rxh8 16. cxd5 exd5 17. Qf3 Qd8 18. O-O-O Be6 19. Kb1 Bg7 20. Rh1 Rxh1+
21. Bxh1 Qg5 22. Bg2 Qg6+ 23. Kc1 Qd3 24. Qe2 Qf5 25. Bf3 Qh3 26. Kd2 Qh6 27.
Qd3 Qh2 28. Ke2 Bf8 29. e4 dxe4 30. Qxe4 Qg1 31. d5 cxd5 32. Nxd5 Qc1 33. Qd4 b6
34. Bg4 Kb7 35. Bxe6 fxe6 36. Ne3 Qc6 37. b3 a5 38. Nc4 Bc5 39. Qg4 Qd5 40. Qf3
Kc6 41. Qxd5+ Kxd5 42. f3 a4 43. Kd3 axb3 44. axb3 e5 45. Ne3+ Ke6 46. Ke4 Bd6
47. Nc4 Bc7 48. g4 b5 49. Nd2 Kf6 50. Nf1 Ke6 51. Ne3 Kf6 52. Nd5+ 1-0

[Event "Titled Tue 17th Jun Early"]
[Site "chess.com INT"]
[Date "2025.06.17"]
[Round "11"]
[White "Dubnevych, Maksym"]
[Black "Shogdzhiev, Roman"]
[Result "0-1"]
[WhiteTitle "FM"]
[BlackTitle "FM"]
[WhiteElo "2296"]
[BlackElo "2402"]
[WhiteFideId "14184001"]
[BlackFideId "55653537"]
[EventDate "2025.06.17"]

1. Nc3 d5 2. e4 e6 3. d4 Nf6 4. e5 Nfd7 5. Nce2 c5 6. c3 cxd4 7. cxd4 f6 8. exf6
Nxf6 9. Nf3 Nc6 10. a3 Bd6 11. Ng3 O-O 12. Bd3 e5 13. dxe5 Nxe5 14. Nxe5 Bxe5
15. O-O Ng4 16. Be2 Nxf2 17. Qb3 Ng4 18. Rxf8+ Kxf8 19. Bxg4 Bxg4 20. Qb4+ Kg8
21. Qxg4 Qb6+ 22. Kh1 Rf8 23. Qe2 Bd4 24. Rb1 Rf2 25. Qe1 Qg6 26. Ra1 h5 27. Be3
Bxe3 28. Qxe3 Rc2 29. Qd4 h4 30. Qxh4 Rxb2 31. Qd8+ Kh7 32. Qh4+ Kg8 33. Re1 Rb1
34. Qe7 d4 35. h3 Rxe1+ 36. Qxe1 d3 37. Kh2 Qd6 38. Qd2 b5 39. h4 a5 40. Kh3
Qe6+ 41. Kh2 Qd6 42. Kh3 b4 43. axb4 axb4 44. Ne4 Qe6+ 45. Kh2 Qxe4 46. Qg5 Qd4
47. Qd8+ Qxd8 0-1

[Event "Titled Tue 17th Jun Early"]
[Site "chess.com INT"]
[Date "2025.06.17"]
[Round "11"]
[White "Tarnowska, Aleksandra"]
[Black "Stefanov, Plamen"]
[Result "0-1"]
[WhiteTitle "WCM"]
[WhiteElo "1882"]
[BlackElo "1982"]
[WhiteFideId "1180967"]
[BlackFideId "2900980"]
[EventDate "2025.06.17"]

1. e4 d5 2. exd5 Nf6 3. Nc3 Nxd5 4. d4 Bf5 5. Nf3 e6 6. Bd3 Bg6 7. O-O Be7 8.
Ne4 O-O 9. c3 Nc6 10. Ng3 a6 11. Bxg6 hxg6 12. Qd3 b5 13. a3 Rb8 14. Bd2 a5 15.
Rae1 a4 16. h3 Nb6 17. Nh2 Nc4 18. Bc1 Bf6 19. Ng4 Be7 20. f4 N6a5 21. Ne5 c5
22. Ne2 Qd5 23. Qf3 Rbd8 24. g4 Nb3 25. Qxd5 Rxd5 26. Rd1 Nxc1 27. Rxc1 cxd4 28.
Nxc4 d3 29. Nd4 bxc4 30. Rcd1 Bc5 31. Rd2 Bxd4+ 32. cxd4 Rxd4 33. Rc1 Rxf4 34.
Kg2 g5 35. Kg3 Rd8 36. h4 f6 37. hxg5 fxg5 38. Rh1 e5 39. Rdh2 Kf7 40. Rd2 e4
41. Re1 Kf6 42. Re3 Ke5 43. Kg2 Kd4 44. Re1 Rxg4+ 45. Kh3 Rf4 46. Kg3 e3 47.
Rdd1 Rdf8 48. Rc1 d2 49. Rcd1 Kd3 50. Rg1 e2 51. Kg2 exd1=Q 52. Rxd1 Rf2+ 53.
Kg3 Re2 54. b3 cxb3 55. Kg4 Re1 56. Kh5 Rxd1 57. Kg6 Rdf1 58. Kh7 d1=Q 59. Kg6
Qg4 60. Kh7 Qh5+ 61. Kxg7 R1f7# 0-1

[Event "Titled Tue 17th Jun Early"]
[Site "chess.com INT"]
[Date "2025.06.17"]
[Round "11"]
[White "Aakash, G"]
[Black "Durarbayli, Vasif"]
[Result "1-0"]
[WhiteTitle "FM"]
[BlackTitle "GM"]
[WhiteElo "2123"]
[BlackElo "2612"]
[WhiteFideId "25644394"]
[BlackFideId "13402935"]
[EventDate "2025.06.17"]

1. d4 Nf6 2. c4 e6 3. Nc3 Bb4 4. f3 d5 5. a3 Bxc3+ 6. bxc3 c5 7. cxd5 Nxd5 8.
dxc5 O-O 9. e4 Nf6 10. Be3 Nfd7 11. Ne2 b6 12. cxb6 axb6 13. Nd4 Nc5 14. Bb5 e5
15. Nf5 Bd7 16. Bxd7 Nbxd7 17. O-O g6 18. Nd6 Qc7 19. Nb5 Qc6 20. c4 Rfc8 21.
Rb1 Ra4 22. Rb4 Rca8 23. Qe2 Ne6 24. Rd1 Nf4 25. Qd2 Nf8 26. Qc2 Rxb4 27. axb4
N8e6 28. g3 Nh5 29. Rd6 Qc8 30. Rxb6 Ra1+ 31. Kg2 Nhf4+ 32. gxf4 exf4 33. Qb2
Qa8 34. Bf2 Ra2 35. Qe5 Nf8 36. Rb8 Qa4 37. Kh3 Rxf2 38. Rxf8+ Kxf8 39. Qc5+ Kg8
40. Qxf2 Qxb4 41. Qe2 Qc5 42. Kg2 Qg5+ 43. Kh1 Qc5 44. Nc3 h5 45. Nd5 g5 46.
Nf6+ Kg7 47. Qb2 Kg6 48. Nd5 1-0